LEADER 01750nam a2200409 i 4500 001 991001116569707536 005 20020507111510.0 008 970308s1978 ne ||| | eng 035 $ab10175945-39ule_inst 035 $aLE00642426$9ExL 040 $aDip.to Fisica$bita 041 0 $aengfre 084 $a53(082.2) 084 $a53.3 084 $a53.4 084 $a539.7'2162 084 $aQC793.5 111 2 $aLes Houches Ecole d'Eté de Physique Théorique sur ions lourds et mesons en physique nucléaire$0463075 245 10$aNuclear physics with heavy ions and mesons = Ions lourds et mesons en physique nucléaire :$bLes Houches, Session XXX, 4 Juillet-20 Aout 1977 /$cedited by R. Balian, M. Rho and G. Ripka 260 $aAmsterdam :$bNorth-Holland Publ. Co.,$c1978 300 $a2 v. (xxix, 1107 p. compless.) :$bill. ;$c23 cm. 440 4$aLes Houches Ecole d'Eté de Physique Théorique ;$v30 650 4$aHeavy-ion collisions 650 4$aMesons 650 4$aNuclear physics 700 1 $aBalian, Roger 700 1 $aRho, Mannque 700 1 $aRipka, Georges 710 2 $aLes Houches Ecole d'Eté de Physique Théorique 740 0 $aIons lourds et mesons en physique nucléaire 907 $a.b10175945$b02-04-14$c27-06-02 912 $a991001116569707536 945 $aLE006 53(042+082.2) LES$cV. 2$g1$i2006000033954$lle006$o-$pE0.00$q-$rl$s- $t0$u0$v0$w0$x0$y.i10215700$z27-06-02 945 $aLE006 53(042+082.2) LES$cV. 1$g1$i2006000033985$lle006$o-$pE0.00$q-$rl$s- $t0$u0$v0$w0$x0$y.i10215712$z27-06-02 996 $aNuclear physics with heavy ions and mesons = Ions lourds et mesons en physique nucléaire$9189413 997 $aUNISALENTO 998 $ale006$b01-01-97$cm$da $e-$feng$gne $h0$i2 LEADER 02757oam 2200553I 450 001 9910159439703321 005 20240505184222.0 010 $a1-315-34990-6 010 $a1-315-36704-1 010 $a1-351-84846-1 024 7 $a10.1201/9781315367040 035 $a(CKB)3710000001018999 035 $a(MiAaPQ)EBC4786527 035 $a(OCoLC)958205442 035 $a(BIP)63700147 035 $a(BIP)55701099 035 $a(EXLCZ)993710000001018999 100 $a20180331h20172017 uy 0 101 0 $aeng 135 $aurcnu|||||||| 181 $2rdacontent 182 $2rdamedia 183 $2rdacarrier 200 00$aEnergy in agroecosystems $ea tool for assessing sustainability /$fGloria I. Guzman Casado, Universidad Pablo de Olavide, Seville, Spain, Manuel Gonzalez de Molina, Universidad Pablo de Olavide, Seville, Spain 205 $a1st ed. 210 1$aNew York :$cTaylor & Francis,$d[2017] 210 4$d©2017 215 $a1 online resource (471 pages) $cillustrations 225 1 $aAdvances in Agroecology 311 08$a1-4987-7476-8 320 $aIncludes bibliographical references and index. 327 $apart 1. Concept and methods / Gloria I. Guzman and Manuel Gonzalez de Molina -- part 2. Case studies. 330 $aEnergy in Agroecosystems: A Tool for Assessing Sustainability is the first book on energy analysis that is up-to-date and specifically dedicated to agriculture. It is written from an agroecological perspective and goes beyond the conventional analysis of the efficient use of energy. The book provide a methodological guide to assess energy efficiency and sustainability from an eco-energetic point of view. Case studies from both Europe and America, which are representative of today's most used scales of analysis (crop, farm, local or national) and the different farm management practices (traditional, industrialized, and contemporary organic), apply this methodology This book will be of primary interest to researchers, practitioners, and students working in the areas of agroecology, sustainable agriculture, environmental science, energy analysis, natural resources management, rural development and international development. 410 0$aAdvances in agroecology. 606 $aAgricultural ecology 606 $aSustainable agriculture 606 $aAgriculture and energy 615 0$aAgricultural ecology. 615 0$aSustainable agriculture. 615 0$aAgriculture and energy. 676 $a577.5/5 702 $aGuzman Casado$b Gloria I. 702 $aGonzalez de Molina Navarro$b Manuel 801 0$bFlBoTFG 801 1$bFlBoTFG 906 $aBOOK 912 $a9910159439703321 996 $aEnergy in agroecosystems$92801008 997 $aUNINA